Normal view
MARC view
- Ṣiddīqī, Muḥammad Miān
Entry Personal Name
001 - CONTROL NUMBER
- control field: 129944
003 - CONTROL NUMBER IDENTIFIER
- control field: NUST
005 - DATE AND TIME OF LATEST TRANSACTION
- control field: 20250718114628.0
008 - FIXED-LENGTH DATA ELEMENTS
- fixed length control field: 250718|| aca||aabn | a|a d
040 ## - CATALOGING SOURCE
- Original cataloging agency: NUST
- Transcribing agency: NUST
100 ## - HEADING--PERSONAL NAME
- Personal name: Ṣiddīqī, Muḥammad Miān
670 ## - SOURCE DATA FOUND
- Source citation: Work cat.: (NUST): Ṣiddīqī, Muḥammad Miān , Maqālāt-e-Sīrat / , 1979
